<?xml version="1.0" encoding="UTF-8"?><?xml-stylesheet type="text/xsl" href="static/style.xsl"?><OAI-PMH xmlns="http://www.openarchives.org/OAI/2.0/" xmlns:xsi="http://www.w3.org/2001/XMLSchema-instance" xsi:schemaLocation="http://www.openarchives.org/OAI/2.0/ http://www.openarchives.org/OAI/2.0/OAI-PMH.xsd"><responseDate>2026-06-02T17:21:22Z</responseDate><request verb="GetRecord" identifier="oai:riuma.uma.es:10630/40226" metadataPrefix="marc">https://riuma.uma.es/rest/oai/request</request><GetRecord><record><header><identifier>oai:riuma.uma.es:10630/40226</identifier><datestamp>2026-02-12T12:45:08Z</datestamp><setSpec>com_10630_1685</setSpec><setSpec>col_10630_38055</setSpec></header><metadata><record xmlns="http://www.loc.gov/MARC21/slim" xmlns:dcterms="http://purl.org/dc/terms/" xmlns:doc="http://www.lyncode.com/xoai" xmlns:xsi="http://www.w3.org/2001/XMLSchema-instance" xsi:schemaLocation="http://www.loc.gov/MARC21/slim http://www.loc.gov/standards/marcxml/schema/MARC21slim.xsd">
   <leader>00925njm 22002777a 4500</leader>
   <datafield ind2=" " ind1=" " tag="042">
      <subfield code="a">dc</subfield>
   </datafield>
   <datafield ind2=" " ind1=" " tag="720">
      <subfield code="a">Navas González, Lucía</subfield>
      <subfield code="e">author</subfield>
   </datafield>
   <datafield ind2=" " ind1=" " tag="260">
      <subfield code="c">2025</subfield>
   </datafield>
   <datafield ind2=" " ind1=" " tag="520">
      <subfield code="a">Atesorar legado, reavivar sustento es el título con el que presentamos el proyecto artístico que nos ocupa a modo de Trabajo de Fin de Grado. Este surge a partir de la investigación en torno a la identidad y posibilidades afectivas del territorio a través de la fotografía, siendo crucial la influencia del Arte conceptual y la metodología interdisciplinar. En este caso, nos desplazamos hacia la Finca La Gamera Alta, Churriana, Málaga, donde encontramos el cortijo familiar de más de cien años de antigüedad que actualmente se encuentra en proceso de rehabilitación. Este estado es el motivo que desencadena la reflexión acerca de una transformación que, desde la estima a los orígenes, se percibe como un intento de salvaguardar una casa que siempre tiende hacia la ruina. De este modo, la reforma del cortijo es una resistencia a la caída que viene impulsada por el aprecio sentimental y material, por la voluntad de perpetuidad. Este posicionamiento desvela la necesidad de atención constante para mantener en pie el vínculo afectivo. Esta idea se formaliza a través de seis piezas fotográficas que generan un conjunto de alegorías interrelacionadas mediante la resignificación de elementos pertenecientes al territorio de estudio</subfield>
   </datafield>
   <datafield ind1="8" ind2=" " tag="024">
      <subfield code="a">https://hdl.handle.net/10630/40226</subfield>
   </datafield>
   <datafield tag="653" ind2=" " ind1=" ">
      <subfield code="a">Bellas Artes - Trabajos Fin de Grado</subfield>
   </datafield>
   <datafield tag="653" ind2=" " ind1=" ">
      <subfield code="a">Grado en Bellas Artes</subfield>
   </datafield>
   <datafield tag="653" ind2=" " ind1=" ">
      <subfield code="a">Arte</subfield>
   </datafield>
   <datafield ind2="0" ind1="0" tag="245">
      <subfield code="a">Atesorar legado, reavivar sustento</subfield>
   </datafield>
</record>
</metadata></record></GetRecord></OAI-PMH>